Nationalisations
Đã lưu trong:
| 主要作者: | |
|---|---|
| 格式: | 图书 |
| 语言: | Undetermined |
| 出版: |
Paris
Flammarion
1977
|
| 主题: | |
| 标签: |
添加标签
没有标签, 成为第一个标记此记录!
|
| Thư viện lưu trữ: | Trung tâm Học liệu Trường Đại học Cần Thơ |
|---|
| LEADER | 00470nam a2200181Ia 4500 | ||
|---|---|---|---|
| 001 | CTU_82199 | ||
| 008 | 210402s9999 xx 000 0 und d | ||
| 082 | |a 338.944 | ||
| 082 | |b S873 | ||
| 100 | |a Stoffaes, Christian | ||
| 245 | 0 | |a Nationalisations | |
| 245 | 0 | |c Christian Stoffaes | |
| 260 | |a Paris | ||
| 260 | |b Flammarion | ||
| 260 | |c 1977 | ||
| 650 | |a Government ownership | ||
| 904 | |i Trọng Hải | ||
| 980 | |a Trung tâm Học liệu Trường Đại học Cần Thơ | ||